[Event "Summer Tournament"]
[Site "SchemingMind.com"]
[Date "2011.07.08"]
[Round "-"]
[White "jtrochez1"]
[Black "pclaxton"]
[Result "1-0"]
[WhiteCountry "HON"]
[BlackCountry "ENG"]
[WhiteElo "1619"]
[WhiteRD "51"]
[BlackElo "1298"]
[BlackRD "61"]
[GameID "288336"]

1. e4 e5 2. Nf3 Nc6 3. d4 d6 4. d5 Nce7 5. c4 Bg4 6. Be2 Bxf3 7. Bxf3 f5 8. Nc3 c6 9. Qc2 g6 10. Bg5 Qd7
11. O-O Bh6 12. Bxh6 Nxh6 13. h3 Nf7 14. Rad1 Ng5 15. Qe2 O-O 16. Rd3 f4 17. Rfd1 c5 18. Bg4 Qd8 19. Be6+ Nxe6 20. dxe6 Nc8
21. Qg4 Rf6 22. Nd5 Ne7 23. Nxf6+ Kg7 24. Rxd6 Qb8 25. Rd7 Kxf6 26. Qh4+ g5 27. Qh6+ Ng6 28. Qxh7 Kxe6 29. Qf7#
1-0

[Event "Summer Tournament"]
[Site "SchemingMind.com"]
[Date "2011.07.07"]
[Round "-"]
[White "Mitch The Man"]
[Black "jtrochez1"]
[Result "0-1"]
[WhiteCountry "USA"]
[BlackCountry "HON"]
[WhiteElo "1399"]
[WhiteRD "58"]
[BlackElo "1619"]
[BlackRD "51"]
[GameID "288337"]

1. e4 e5 2. Bc4 Nc6 3. Nf3 h6 4. O-O d6 5. c3 Bd7 6. Qb3 Be6 7. Bxe6 fxe6 8. Qxe6+ Qe7 9. Qxe7+ Bxe7 10. d3 g5
11. g4 Nf6 12. h3 O-O-O 13. Be3 Rdf8 14. Nbd2 d5 15. b4 b5 16. a4 a6 17. Nb3 dxe4 18. dxe4 Nxe4 19. Kg2 Rd8 20. axb5 axb5
21. Ra8+ Kd7 22. Rd1+ Ke8 23. Raxd8+ Nxd8 24. Rd3 Nf6 25. Nxe5 Nf7 26. Ng6 Rg8 27. Nxe7 Kxe7 28. Bc5+ Nd6 29. Re3+ Kd7 30. Bd4 Nfe8
31. Nc5+ Kc8 32. Re6 Nf7 33. Re7 Nfd6 34. Rh7 Rg6 35. Nd3 Re6 36. Ne5 Kb7 37. Nd7 Rg6 38. Nc5+ Kc6 39. Re7 Rg8 40. Re6 h5
41. gxh5 g4 42. h4 Kd5 43. Re5+ Kc6 44. Ne4 Nxe4 45. Rxe4 Kb7 46. Re5 Nd6 47. Re7 Nf5 48. Re4 Nxh4+ 49. Kh1 Nf3 50. Be3 Kc6
51. Bf4 Kd5 52. Re7 c6 53. Bc1 Ne5 54. Bf4 Nd3 55. Bg3 Rh8 56. Rd7+ Kc4 57. Kg2 Rxh5 58. Rg7 Kxc3 59. Rxg4 Nxb4 60. Bh4 Nd5
61. Kf1 Rf5 62. Rg3+ Kc2 63. Bd8 b4 64. Rg4 Ne3+
0-1

[Event "Summer Tournament"]
[Site "SchemingMind.com"]
[Date "2011.07.07"]
[Round "-"]
[White "grabapawn"]
[Black "jtrochez1"]
[Result "1-0"]
[WhiteCountry "USA"]
[BlackCountry "HON"]
[WhiteElo "1627"]
[WhiteRD "66"]
[BlackElo "1619"]
[BlackRD "51"]
[GameID "288338"]

1. e4 e5 2. d4 Nc6 3. Nf3 exd4 4. Nxd4 Nxd4 5. Qxd4 d6 6. Bc4 Qf6 7. Qxf6 Nxf6 8. O-O Be7 9. Nc3 Be6 10. Bxe6 fxe6
11. f3 a6 12. Be3 O-O-O 13. Rad1 h6 14. Rf2 g5 15. f4 gxf4 16. Bxf4 e5 17. Bg3 h5 18. h3 h4 19. Bh2 c6 20. a3 Rh5
21. b4 b5 22. Rf5 Rxf5 23. exf5 Rd7 24. g3 hxg3 25. Bxg3 Nh5 26. Bh2 Bg5 27. Ne4 Be3+ 28. Kg2 Bf4 29. Rxd6 Rxd6 30. Nxd6+ Kd7
31. Nf7 Bxh2 32. Kxh2 e4 33. Ng5 Nf6 34. Kg2 Ke7 35. Kf2 Kf8 36. Ke3 Ke7 37. Nxe4 Nxe4 38. Kxe4 Kf6 39. h4
1-0

[Event "Summer Tournament"]
[Site "SchemingMind.com"]
[Date "2011.07.08"]
[Round "-"]
[White "jacksrking"]
[Black "jtrochez1"]
[Result "0-1"]
[WhiteCountry "USA"]
[BlackCountry "HON"]
[WhiteElo "1308"]
[WhiteRD "61"]
[BlackElo "1619"]
[BlackRD "51"]
[GameID "288339"]

1. e4 e5 2. Bc4 Nf6 3. Nc3 Bb4 4. Nf3 d6 5. d3 Bg4 6. h3 d5 7. hxg4 dxc4 8. Bd2 Nxg4 9. dxc4 c6 10. a3 Bd6
11. Qe2 Nd7 12. Qd3 Be7 13. b4 Qc7 14. O-O-O Nxf2
0-1

[Event "Summer Tournament"]
[Site "SchemingMind.com"]
[Date "2011.07.09"]
[Round "-"]
[White "bartleby en passant"]
[Black "jtrochez1"]
[Result "0-1"]
[WhiteCountry "IRL"]
[BlackCountry "HON"]
[WhiteElo "1585"]
[WhiteRD "76"]
[BlackElo "1592"]
[BlackRD "49"]
[GameID "288340"]

1. d4 d5 2. c4 e6 3. c5 c6 4. b4 Nf6 5. Bg5 Be7 6. Bxf6 Bxf6 7. e3 O-O 8. Nf3 Nd7 9. a4 Re8 10. Bd3 e5
11. dxe5 Nxe5 12. Nxe5 Bxe5 13. Nd2 Bxa1 14. Qxa1 Bd7 15. O-O b5 16. axb5 cxb5 17. Qa6 Qb8 18. Qa2 Be6 19. Qc2 g6 20. Nf3 a6
21. Re1 Qd8 22. Nd4 Rc8 23. h3 f5 24. f4 Qf6 25. Nf3 h6 26. Qf2 g5 27. fxg5 hxg5 28. Nd4 Bd7 29. Bxf5 Bxf5 30. Nxf5 Rf8
31. g4 Qc3 32. Qg3 Rce8 33. Rf1 Kh7 34. Qc7+ Kh8 35. Qd6 Qf6 36. Qxd5 Rd8 37. Qf3 Qb2 38. Qc6 Qf6 39. Qh1 Qb2 40. h4 Rf7
41. hxg5+ Rh7 42. Nh6 Qg7 43. Qe4 Qxg5 44. Nf7+ Rxf7 45. Rxf7 Rd1+ 46. Kf2 Qh4+ 47. Ke2 Qe1+ 48. Kf3 Qh1+ 49. Kf4 Rf1+ 50. Ke5 Qxe4+
0-1

[Event "Summer Tournament"]
[Site "SchemingMind.com"]
[Date "2011.07.07"]
[Round "-"]
[White "aadaam"]
[Black "jtrochez1"]
[Result "1/2-1/2"]
[WhiteCountry "INT"]
[BlackCountry "HON"]
[WhiteElo "1611"]
[WhiteRD "83"]
[BlackElo "1619"]
[BlackRD "51"]
[GameID "288341"]

1. d4 d5 2. c4 e6 3. Nc3 c6 4. e3 Bb4 5. Nf3 Nd7 6. Be2 Ne7 7. O-O Ng6 8. a3 Bxc3 9. bxc3 O-O 10. a4 a5
11. Ba3 Re8 12. cxd5 exd5 13. c4 Nf6 14. cxd5 Nxd5 15. Qb3 Qd7 16. Rfd1 Rb8 17. Rac1 Qe6 18. Bc4 Bd7 19. Ne5 Nxe5 20. dxe5 Qxe5
21. Bxd5 cxd5 22. Qxd5 Qxd5 23. Rxd5 Bc6 24. Rxa5 Rbd8 25. Bc5 Ra8 26. Bb6 Rxa5 27. Bxa5 Bxa4 28. Kf1 Bc6 29. Bb6=
1/2-1/2

[Event "Summer Tournament"]
[Site "SchemingMind.com"]
[Date "2011.07.07"]
[Round "-"]
[White "lennart"]
[Black "jtrochez1"]
[Result "0-1"]
[WhiteCountry "SWE"]
[BlackCountry "HON"]
[WhiteElo "1507"]
[WhiteRD "58"]
[BlackElo "1619"]
[BlackRD "51"]
[GameID "288342"]

1. e4 e5 2. Nf3 Nc6 3. Nc3 d6 4. Bc4 h6 5. O-O Be7 6. Re1 Bg4 7. Be2 Bxf3 8. Bxf3 Nf6 9. d3 Nd4 10. Be3 Nxf3+
11. Qxf3 c6 12. d4 Qc7 13. Rad1 Rd8 14. d5 c5 15. Bd2 Qd7 16. b3 Qg4 17. Qd3 Qd7 18. a3 Ng8 19. b4 b6 20. bxc5 bxc5
21. Re3 Bf6 22. Ne2 Ne7 23. Ba5 Rb8 24. c4 Qa4 25. Be1 Ng6 26. g3 Rb3 27. Qc2 Rxa3 28. Qxa4+ Rxa4 29. Rc1 Bg5 30. Bd2 Bxe3
31. Bxe3 Ra2 32. Nc3 Ra6 33. Nb5 Kd7 34. Kg2 Ne7 35. h3 g5 36. f3 f5 37. Nc3 f4 38. Bf2 Rb6 39. g4 Rb2 40. Nd1 Rb7
41. Ra1 h5 42. Ra6 hxg4 43. fxg4 Ng6 44. Ra3 Rf8 45. Kh2 Ra8 46. Kg2 a5 47. Nc3 Rb4 48. Ra4 Rxa4 49. Nxa4 Kc7 50. Kh2 f3
51. Kg3 Rb8 52. Kxf3 Rb3+ 53. Be3 Nf4 54. Kf2 Nxh3+ 55. Ke2 Rb4 56. Nc3 Rxc4 57. Kd3 Rb4 58. Bd2 Nf2+ 59. Kc2 Nxe4 60. Nxe4 Rxe4
61. Bxa5+ Kd7 62. Bd2 Rxg4
0-1

[Event "Summer Tournament"]
[Site "SchemingMind.com"]
[Date "2011.07.08"]
[Round "-"]
[White "ramesse"]
[Black "jtrochez1"]
[Result "1-0"]
[WhiteCountry "SVK"]
[BlackCountry "HON"]
[WhiteElo "2043"]
[WhiteRD "70"]
[BlackElo "1619"]
[BlackRD "51"]
[GameID "288343"]

1. e4 e5 2. Nf3 Nc6 3. Bb5 d6 4. d4 exd4 5. Nxd4 Bd7 6. Nc3 Nf6 7. O-O Be7 8. Re1 Ne5 9. Bxd7+ Qxd7 10. Nf5 Bf8
11. Bg5 h6 12. Bxf6 gxf6 13. f4 Ng6 14. Qd4 Nxf4 15. Nd5 Ne6 16. Nxf6+ Kd8 17. Qd1 Qc6 18. Qh5 Bg7 19. Nxg7 Nxg7 20. Qxf7 Ne8
21. Re3 Qb5 22. e5 Nxf6 23. Qxf6+ Kc8 24. Qxh8+ Kd7 25. e6+ Kc6 26. Rc3+
1-0

[Event "Summer Tournament"]
[Site "SchemingMind.com"]
[Date "2011.07.08"]
[Round "-"]
[White "pclaxton"]
[Black "jtrochez1"]
[Result "0-1"]
[WhiteCountry "ENG"]
[BlackCountry "HON"]
[WhiteElo "1298"]
[WhiteRD "61"]
[BlackElo "1619"]
[BlackRD "51"]
[GameID "288344"]

1. e4 e5 2. Nf3 Nc6 3. Bb5 d6 4. Bxc6+ bxc6 5. d3 Bg4 6. h3 Bh5 7. g4 Bg6 8. Bg5 f6 9. Be3 d5 10. Nfd2 d4
11. Bg5 fxg5 12. Nc4 Bd6 13. c3 Ne7 14. f3 O-O 15. Nbd2 Nc8 16. Na5 Be8 17. Nb7 Qf6 18. Nxd6 cxd6 19. b4 dxc3 20. Nb1 Qxf3
21. Qxf3 Rxf3 22. Nxc3 Rxd3 23. Ne2 Re3 24. Rf1 Rxe4 25. a3 Nb6 26. Kf2 Nd5 27. Kf3 Re3+ 28. Kf2 Rxh3 29. Ng1 Rc3 30. Rae1 a5
31. Ne2 Rxa3 32. bxa5 Bd7 33. Rb1 Bxg4 34. Ng3 Rf8+ 35. Kg2 Ne3+ 36. Kg1 Nxf1 37. Nxf1 Rxa5 38. Kg2 Ra2+ 39. Kg3 h5 40. Ne3 Rf3#
0-1